000 00612cam a2200145 4500500
005 20260208010539.0
041 _afre
042 _adc
100 1 0 _aEngel, Pascal
_eauthor
245 0 0 _aCharles T. Wolfe (ed.), The Renewal of Materialism, Graduate Faculty of Philosophy Journal, 22, no 1, New School for Social Research, 2000, XIV-354 p., 10 $.
260 _c2005.
500 _a12
786 0 _nRevue philosophique de la France et de l'étranger | 130 | 1 | 2005-03-01 | p. 77r-130r | 0035-3833
856 4 1 _uhttps://shs.cairn.info/revue-philosophique-2005-1-page-77r?lang=fr&redirect-ssocas=7080
999 _c1657057
_d1657057